Personnages de séries - S - Statistiques

Statistiques générales
  • Ce quiz a été pris 145 fois
    142 depuis la dernière actualisation
  • Le résultat moyen est 7 sur 16
Statistiques - réponses
Par images Réponse % Correct
Serena van der Woodsen
68%
Stefan Salvatore
63%
Scott McCall
61%
Susan Delfino
59%
Sabrina Spellman
58%
Samuel García Domínguez
57%
Spencer Hastings
55%
Stiles Stilinski
52%
Sara Tancredi
51%
Sheldon Cooper
49%
Simon Basset
49%
Sue Sylvester
35%
Sergio Marquina
30%
Shaun Murphy
28%
Suzanne Warren
21%
Steve Murphy
13%
Aucun quiz correspondant
Distribution des résultats
% des personnes avec chaque résultat
Percentile par nombre de réponses
Votre historique - résultats
Vous n’avez pas pris ce quiz depuis la dernière actualisation